| 000 | 00520nam a2200169 a 4500 | ||
|---|---|---|---|
| 005 | 20140412111358.0 | ||
| 008 | 051104s19uu xx 00 eng d | ||
| 020 | _a0-02-661276-3 | ||
| 050 |
_aTR(GS 372.4 _bB35 L.1 |
||
| 100 | _aBereiter, Carl | ||
| 245 |
_aPhonics kit teacher's guide (orange), L.1 / _cCarl Beretier, et al. |
||
| 260 |
_aColumbus, Ohio : _bSRA/McGraw-Hill Comp, _c2000. |
||
| 300 | _a539 p. | ||
| 440 | _aSRA open court reading, Orange | ||
| 650 |
_aReading _xStudy and teaching |
||
| 999 |
_c105422 _d105422 |
||